Statistics for CICA Member Countries

Click here to take the quiz!

General Stats

  • This quiz has been taken 21 times
  • The average score is 31 of 37

Answer Stats

country% Correct
China
100%
Japan
100%
South Korea
100%
India
95%
Israel
95%
Kazakhstan
95%
Russia
95%
Afghanistan
90%
Cambodia
90%
Indonesia
90%
Jordan
90%
Laos
90%
Pakistan
90%
Turkmenistan
90%
UAE
90%
Uzbekistan
90%
Vietnam
90%
Azerbaijan
85%
Iran
85%
Iraq
85%
Malaysia
85%
Mongolia
85%
Philippines
85%
Thailand
85%
Turkey
85%
Bangladesh
80%
Kyrgyzstan
80%
Saudi Arabia
80%
Sri Lanka
80%
Tajikistan
80%
Bahrain
75%
Qatar
75%
United States
70%
Ukraine
65%
Egypt
60%
Belarus
55%
Palestine
50%

Score Distribution

Percentile by Number Answered

Percent of People with Each Score

Your Score History

You have not taken this quiz